000 00733nam a2200253Ia 4500
003 OSt
005 20220925183156.0
006 a|||||r|||| 00| 0
007 ta
008 220923b |||||||| |||| 00| 0 eng d
020 _a818965439X
037 _cGeneral Book
040 _aRTL
_cRTL
_beng
041 _2eng
_aeng
082 _aX.2.P07<-P06t4, P7/RR
110 _aINDIA, ECONOMIC SURVEY,2006-2007
_9257901
245 0 _aPampering corporates pauperizing masses
260 _aDelhi
_bDaanish Books
_c2007
300 _axviii, 274p
_ccm.
650 _aSociology
700 _aINDIA, ECONOMIC SURVEY,2006-2007
_9257902
942 _hX.2.P07<-P06t4, P7/RR
_cGB
_2CC
999 _c504104
_d504104